[Event "Sterlitamak-ch U13"]
[Site "Sterlitamak"]
[Date "2016.04.17"]
[Round "4.4"]
[White "Ermakov, Maxim"]
[Black "Galeyeva, Alina"]
[Result "1-0"]
[WhiteElo "1055"]
[BlackElo "1143"]
[PlyCount "67"]
[EventDate "2016.04.11"]
[EventType "tourn"]
[EventRounds "11"]
[EventCountry "RUS"]
[SourceTitle "EXT 2022"]
[Source "ChessBase"]
[SourceDate "2021.10.06"]
[SourceVersion "1"]
[SourceVersionDate "2021.10.06"]
[SourceQuality "1"]

1. d4 d5 2. Nf3 Nf6 3. Bf4 e6 4. e3 Nbd7 5. Nbd2 Be7 6. c3 c6 7. Bd3 c5 8. b3 b6 9. 0-0 0-0 10. Ne5 Nxe5 11. Bxe5 Bd6 12. Nf3 Qe7 13. Bc2 Nd7 14. Qd3 g6 15. Bxd6 Qxd6 16. e4 Bb7 17. e5 Qe7 18. Rfe1 Rfe8 19. a3 f6 20. b4 c4 21. Qd1 fxe5 22. dxe5 Rf8 23. Qb1 Kg7 24. Re3 Rf7 25. Ba4 Raf8 26. Qd1 Nb8 27. Qe2 Rf5 28. Rf1 R5f7 29. Nd4 Rf4 30. g3 R4f7 31. Qg4 Bc8 32. f4 a6 33. Bc2 Bd7 34. Nf3 1-0